| 000 | 00986nam a2200229 i 4500 | ||
|---|---|---|---|
| 001 | 21438 | ||
| 003 | ES-MaACL | ||
| 005 | 20250804062610.0 | ||
| 007 | t| | ||
| 008 | 021125s1872 sp |||| | spa d | ||
| 080 | _a821.134.2-1"18" | ||
| 100 | 1 |
_aAlcalá Galiano, José, _d1839-1919 _9125587 |
|
| 245 | 1 | 0 |
_aEstereoscopio social _b: colección de cuadros contemporáneos, fotografías, acuarelas, dibujos, estampas, caricaturas, grupos,... tomados del natural y puestos en verso satírico humorístico / _cpor José Alcalá Galiano ; con un prólogo de B. Pérez Galdós. |
| 260 |
_aMadrid : _b[Imp. de José Noguera], _c1872. |
||
| 300 |
_aXXXI, 179 p. ; _c17 cm. |
||
| 530 | _aDisponible en formato digital. | ||
| 650 | 4 |
_aHumorismo español- _yS.XIX. _9143864 |
|
| 700 | 1 |
_aPérez Galdós, Benito, _d1843-1920 _990871 |
|
| 852 |
_aES-MaACL _jT-282-F-1 |
||
| 856 |
_uhttp://bdh-rd.bne.es/viewer.vm?id=0000238227&page=1 _zBiblioteca Digital Hispánica |
||
| 999 |
_c21438 _d21438 |
||